{"text_format":"3","workbook":"xlsx","n_sheets":1,"sheets":["Sheet 1"],"read":"whole","date_system":"1900"}

{"sheet":"Sheet 1","index":0,"n_rows":31,"n_cols":20,"rows_kept":31}
["№","Код ОО","Наименование ОО","Фамилия","Имя","Отчество","Дата рождения","Пол","Участник с ОВЗ (да/нет)","Класс обучения","Класс участия","Балл","Добавлено баллов по итогам апелляций","Итоговый балл","Максимальный балл","Статус","Призер республиканского этапа прошлого года","ФИО учителя","Место работы учителя","Предмет"]
[1,450020,"Муниципальное бюджетное общеобразовательное учреждение \"Юлбатская основная общеобразовательная школа Сабинского муниципального района Республики Татарстан\"","Мубаракшина","Фануза","Назифовна","19.03.2007","Ж","нет",8,8,58,null,58,100,"участник","нет","Фаляхова Фирдания Габдулхаковна","Муниципальное бюджетное общеобразовательное учреждение \"Юлбатская основная общеобразовательная школа Сабинского муниципального района Республики Татарстан\"","Геология"]
[2,450004,"Муниципальное бюджетное общеобразовательное учреждение «Большекибячинская средняя общеобразовательная школа Сабинского муниципального района Республики Татарстан\"","Ибушева","Эльвина","Витальевна","25.07.2007","Ж","нет",8,8,87,null,87,100,"победитель","нет","Сафина Сирина Закизяновна","Муниципальное бюджетное общеобразовательное учреждение \"Большекибячинская средняя общеобразовательная школа Сабинского муниципального района Республики Татарстан\""]
[3,450005,"Муниципальное бюджетное общеобразовательное учреждение «Верхнесиметская средняя общеобразовательная школа Сабинского муниципального района Республики Татарстан\"","Хасанова","Иделия","Инсафовна","25.07.2007","Ж","нет",8,8,63,null,63,100,"призер","нет","Шафигуллина Аниса Габдулхамитовна","Муниципальное бюджетное общеобразовательное учреждение «Верхнесиметская средняя общеобразовательная школа Сабинского муниципального района Республики Татарстан\"","Геология"]
[4,450001,"Муниципальное бюджетное общеобразовательное учреждение «Гимназия п.г.т. Богатые Сабы Сабинского муниципального района Республики Татарстан» (Школа - центр компетенции в электронном образовании)","Мухамадияров","Инсаф","Ильнарович","26.03.2007","м","нет",8,8,52,null,52,100,"участник","нет","Фазылов Рамис Мухаметкамилович","Муниципальное бюджетное общеобразовательное учреждение «Гимназия п.г.т. Богатые Сабы Сабинского муниципального района Республики Татарстан» (Школа - центр компетенции в электронном образовании)","Геология"]
[5,450008,"Муниципальное бюджетное общеобразовательное учреждение «Изминская средняя общеобразовательная школа Сабинского муниципального района Республики Татарстан\"","Галимуллин","Ирек","Ринатович","26.01.2008","М","нет",8,8,47,null,47,100,"участник","нет","Каримуллина Эльвира Талгатовна","Муниципальное бюджетное общеобразовательное учреждение «Изминская средняя общеобразовательная школа Сабинского муниципального района Республики Татарстан\"","Геология"]
[6,450017,"Муниципальное бюджетное общеобразовательное учреждение «Тимершикская средняя общеобразовательная школа Сабинского муниципального района Республики Татарстан\"","Шарафиев","Рузаль","Ринатович","23.09.2007\n\n","М","нет",8,8,79,null,79,100,"призер","нет","Фазылов Рамис Мухаметкамилович","Муниципальное бюджетное общеобразовательное учреждение \"Тимершикская СОШ Сабинского муниципального района Республики Татарстан\"","Геология"]
[7,450011,"муниципальное бюджетное общеобразовательное учреждение\"Кильдебякская средняя общеобразовательная школа Сабинского муниципального района Республики Татарстан\"","Ибатуллина","Альфиза","Ильнаровна","15.10.2007","Ж","нет",8,8,34,null,34,100,"участник","нет","Мухарлямов Ренат Габдуллович","муниципальное бюджетное общеобразовательное учреждение\"Кильдебякская средняя общеобразовательная школа Сабинского муниципального района Республики Татарстан\"","геология"]
[8,450007,"муниципальное бюджетное общеобразовательное учреждение\"Завод-Ныртинская средняя общеобразовательная школа Сабинского муниципального района Республики Татарстан\"","Аглямов ","Айназ","Тауфикович","06.08.2007","М","нет",8,8,42,null,42,100,"участник",null,"нет","муниципальное бюджетное общеобразовательное учреждение\"Завод-Ныртинская средняя общеобразовательная школа Сабинского муниципального района Республики Татарстан\"","геология"]
[9,450013,"муниципальное бюджетное общеобразовательное учреждение\"Лесхозская средняя общеобразовательная школа Сабинского муниципального района Республики Татарстан\"","Каримуллина ","Диляра ","Сагитовна","10.02.2007","Ж","Нет",8,8,21,null,21,100,"участник","Нет","Мухарлямов Рустам Габдуллович","Муниципальное бюджетное общеобразовательное учреждение \"Лесхозская СОШ Сабинского муниципального района Республики Татарстан\"","геология"]
[10,450018,"Муниципальное бюджетное общеобразовательное учреждение \"Шеморданский лицей \"Рост\" Сабинского муниципального района Республики Татарстан\"","Алимов","Ильшат","Нагимович","13.06.2006","М","нет",9,9,70,null,70,100,"участник","нет","Миннеханов Алмаз Ильшатович","Муниципальное бюджетное общеобразовательное учреждение \"Шеморданский лицей \"Рост\" Сабинского муниципального района Республики","Геология"]
[11,450020,"Муниципальное бюджетное общеобразовательное учреждение \"Юлбатская основная общеобразовательная школа Сабинского муниципального района Республики Татарстан\"","Амиров","Бахтияр","Дамирович","30.08.2006","М","нет",9,9,94,null,94,100,"победитель","нет","Фаляхова Фирдания Габдулхаковна","Муниципальное бюджетное общеобразовательное учреждение \"Юлбатская основная общеобразовательная школа Сабинского муниципального района Республики Татарстан\"","Геология"]
[12,450004,"Муниципальное бюджетное общеобразовательное учреждение «Большекибячинская средняя общеобразовательная школа Сабинского муниципального района Республики Татарстан\"","Габдрахманов ","Фангиз","Филюсович","22.02.2006","М","нет",9,9,94,null,94,100,"победитель","нет","Сафина Сирина Закизяновна","Муниципальное бюджетное общеобразовательное учреждение \"Большекибячинская средняя общеобразовательная школа Сабинского муниципального района Республики Татарстан\""]
[13,450001,"Муниципальное бюджетное общеобразовательное учреждение «Гимназия п.г.т. Богатые Сабы Сабинского муниципального района Республики Татарстан» (Школа - центр компетенции в электронном образовании)","Хубайбуллина","Зарина","Ильсуровна","06.08.2006","ж","нет",9,9,90,null,90,100,"призер","да","Фазылов Рамис Мухаметкамилович","Муниципальное бюджетное общеобразовательное учреждение «Гимназия п.г.т. Богатые Сабы Сабинского муниципального района Республики Татарстан» (Школа - центр компетенции в электронном образовании)","Геология"]
[14,450001,"Муниципальное бюджетное общеобразовательное учреждение «Гимназия п.г.т. Богатые Сабы Сабинского муниципального района Республики Татарстан» (Школа - центр компетенции в электронном образовании)","Хуснутдинова","Диляра","Раилевна","12.10.2006","ж","нет",9,9,77,null,77,100,"участник","да","Фазылов Рамис Мухаметкамилович","Муниципальное бюджетное общеобразовательное учреждение «Гимназия п.г.т. Богатые Сабы Сабинского муниципального района Республики Татарстан» (Школа - центр компетенции в электронном образовании)","Геология"]
[15,450017,"Муниципальное бюджетное общеобразовательное учреждение «Тимершикская средняя общеобразовательная школа Сабинского муниципального района Республики Татарстан\"","Фазылов","Раис","Рамисович","27.11.2006","М","нет",9,9,79,null,79,100,"участник","нет","Фазылов Рамис Мухаметкамилович","Муниципальное бюджетное общеобразовательное учреждение \"Тимершикская СОШ Сабинского муниципального района Республики Татарстан\"","Геология"]
[16,450011,"муниципальное бюджетное общеобразовательное учреждение\"Кильдебякская средняя общеобразовательная школа Сабинского муниципального района Республики Татарстан\"","Нуриахметов","Ильмир","Ильнарович","10.08.2006","М","нет",9,9,45,null,45,100,"участник","нет","Мухарлямов Ренат Габдуллович","муниципальное бюджетное общеобразовательное учреждение\"Кильдебякская средняя общеобразовательная школа Сабинского муниципального района Республики Татарстан\"","геология"]
[17,450007,"муниципальное бюджетное общеобразовательное учреждение \"Завод-Ныртинская средняя общеобразовательная школа имени  И.С.Башкирова Сабинского муниципального района Республики Татарстан\"","Файзуллина","Адиля","Рамилевна","06.03.2007","Ж","нет",9,9,36,null,36,100,"участник",null,"нет","муниципальное бюджетное общеобразовательное учреждение\"Завод-Ныртинская средняя общеобразовательная школа Сабинского муниципального района Республики Татарстан\"","геология"]
[18,450018,"Муниципальное бюджетное общеобразовательное учреждение \"Шеморданский лицей \"Рост\" Сабинского муниципального района Республики Татарстан\"","Авхадеев","Ильяс","Маратович","28.12.2004","М","нет",10,10,85,null,85,100,"призер","нет","Миннеханов Алмаз Ильшатович","Муниципальное бюджетное общеобразовательное учреждение \"Шеморданский лицей \"Рост\" Сабинского муниципального района Республики","Геология"]
[19,450001,"Муниципальное бюджетное общеобразовательное учреждение «Гимназия п.г.т. Богатые Сабы Сабинского муниципального района Республики Татарстан» (Школа - центр компетенции в электронном образовании)","Каюмов","Раниль","Данилевич","09.09.2005","м","нет",10,10,44,null,44,100,"участник","нет","Фазылов Рамис Мухаметкамилович","Муниципальное бюджетное общеобразовательное учреждение «Гимназия п.г.т. Богатые Сабы Сабинского муниципального района Республики Татарстан» (Школа - центр компетенции в электронном образовании)","Геология"]
[20,450001,"Муниципальное бюджетное общеобразовательное учреждение «Гимназия п.г.т. Богатые Сабы Сабинского муниципального района Республики Татарстан» (Школа - центр компетенции в электронном образовании)","Мубаракзянов","Рауф","Алмазович","28.08.2005","м","нет",10,10,25,null,25,100,"участник","нет","Фазылов Рамис Мухаметкамилович","Муниципальное бюджетное общеобразовательное учреждение «Гимназия п.г.т. Богатые Сабы Сабинского муниципального района Республики Татарстан» (Школа - центр компетенции в электронном образовании)","Геология"]
[21,450008,"Муниципальное бюджетное общеобразовательное учреждение «Изминская средняя общеобразовательная школа Сабинского муниципального района Республики Татарстан\"","Набиуллин","Нурсиль","Марселевич","13.02.2005","М","нет",10,10,30,null,30,100,"участник","нет","Каримуллина Эльвира Талгатовна","Муниципальное бюджетное общеобразовательное учреждение «Изминская средняя общеобразовательная школа Сабинского муниципального района Республики Татарстан\"","Геология"]
[22,450017,"Муниципальное бюджетное общеобразовательное учреждение «Тимершикская средняя общеобразовательная школа Сабинского муниципального района Республики Татарстан\"","Давлитов","Баязит","Ильнарович","30.01.2005","М","нет",10,10,90,null,90,100,"победитель","нет","Фазылов Рамис Мухаметкамилович","Муниципальное бюджетное общеобразовательное учреждение \"Тимершикская СОШ Сабинского муниципального района Республики Татарстан\"","Геология"]
[23,450009,"Государственное бюджетное общеобразовательное учреждение «Икшурминская кадетская школа-интернат имени Байкиева К.С.»","Газизов","Карим ","Нафикович","24.02.2005","М","нет",11,11,23,null,23,100,"участник","нет",null,"Государственное бюджетное общеобразовательное учреждение \"Икшурминская кадетская школа-интернат имени Байкиева К.С.\"","Геология"]
[24,450004,"Муниципальное бюджетное общеобразовательное учреждение «Большекибячинская средняя общеобразовательная школа Сабинского муниципального района Республики Татарстан\"","Хабибуллина ","Тансылу","Саматовна","18.04.2004","Ж","нет",11,11,67,null,67,100,"участник","нет","Сафина Сирина Закизяновна","Муниципальное бюджетное общеобразовательное учреждение \"Большекибячинская средняя общеобразовательная школа Сабинского муниципального района Республики Татарстан\""]
[25,450001,"Муниципальное бюджетное общеобразовательное учреждение «Гимназия п.г.т. Богатые Сабы Сабинского муниципального района Республики Татарстан» (Школа - центр компетенции в электронном образовании)","Сайфуллин","Азат","Фидаилевич","20.11.2004","м","нет",11,11,76,null,76,100,"призер","нет","Сунгатуллина Фарида Ханифовна","Муниципальное бюджетное общеобразовательное учреждение «Гимназия п.г.т. Богатые Сабы Сабинского муниципального района Республики Татарстан» (Школа - центр компетенции в электронном образовании)","Геология"]
[26,450001,"Муниципальное бюджетное общеобразовательное учреждение «Гимназия п.г.т. Богатые Сабы Сабинского муниципального района Республики Татарстан» (Школа - центр компетенции в электронном образовании)","Каюмов","Инсаф","Фанисович","14.11.2003","м","нет",11,11,37,null,37,100,"участник","нет","Сунгатуллина Фарида Ханифовна","Муниципальное бюджетное общеобразовательное учреждение «Гимназия п.г.т. Богатые Сабы Сабинского муниципального района Республики Татарстан» (Школа - центр компетенции в электронном образовании)","Геология"]
[27,450016,"Муниципальное бюджетное общеобразовательное учреждение «Сатышевская средняя общеобразовательная школа Сабинского муниципального района Республики Татарстан им. Ш.З.Зиннурова\"","Валиев","Ильгизар","Ильназович","17.12.2003","М","нет",11,11,75,null,75,100,"призер","нет","Марданов Альберт Мидхатович","Муниципальное бюджетное общеобразовательное учреждение «Сатышевская средняя общеобразовательная школа Сабинского муниципального района Республики Татарстан им. Ш.З.Зиннурова\"","геология"]
[28,450002,"Муниципальное бюджетное общеобразовательное учреждение «Средняя общеобразовательная школа-интернат с углубленным изучением отдельных предметов для одаренных детей» Сабинского муниципального района Республики Татарстан","Фатхриева","Алсина","Ильнаровна","17.02.2005","Ж","нет",11,11,80,null,80,100,"победитель","нет","Хазиева Альфира Рифкатовна","Муниципальное бюджетное общеобразовательное учреждение «Средняя общеобразовательная школа-интернат с углубленным изучением отдельных предметов для одаренных детей» Сабинского муниципального района Республики Татарстан"]
[29,450017,"Муниципальное бюджетное общеобразовательное учреждение «Тимершикская средняя общеобразовательная школа Сабинского муниципального района Республики Татарстан\"","Ахметвалиев","Инзиль","Фарсилевич","26.10.2003","М","нет",11,11,32,null,32,100,"участник","нет","Фазылов Рамис Мухаметкамилович","Муниципальное бюджетное общеобразовательное учреждение \"Тимершикская СОШ Сабинского муниципального района Республики Татарстан\"","Геология"]
[30,450011,"муниципальное бюджетное общеобразовательное учреждение\"Кильдебякская средняя общеобразовательная школа Сабинского муниципального района Республики Татарстан\"","Шамилов","Алмаз","Илшатович","30.07.2004","М","нет",11,11,44,null,44,100,"участник","нет","Мухарлямов Ренат Габдуллович\n","муниципальное бюджетное общеобразовательное учреждение\"Кильдебякская средняя общеобразовательная школа Сабинского муниципального района Республики Татарстан\"","геология"]